[Event "Uljanovsk op"]
[Site "Uljanovsk"]
[Date "2008.02.05"]
[Round "8"]
[White "Kashaev, Evgeni"]
[Black "Mirzanurov, Bulat"]
[Result "1/2-1/2"]
[WhiteElo "2215"]
[BlackElo "2213"]
[PlyCount "32"]
[EventDate "2008.02.01"]
[EventType "swiss"]
[EventRounds "9"]
[EventCountry "RUS"]
[SourceTitle "EXT 2009"]
[Source "ChessBase"]
[SourceDate "2008.11.26"]
[SourceVersion "1"]
[SourceVersionDate "2008.11.26"]
[SourceQuality "1"]

1. e4 c5 2. Nf3 e6 3. d3 d5 4. Nbd2 Nc6 5. g3 Nge7 6. Bg2 g6 7. 0-0 Bg7 8. c3 0-0 9. Re1 Qc7 10. h4 Rd8 11. h5 b6 12. hxg6 hxg6 13. Bf1 d4 14. c4 e5 15. Bg2 Bf6 16. Nh2 Kg7 1/2-1/2

[Event "Uljanovsk op"]
[Site "Uljanovsk"]
[Date "2008.02.01"]
[Round "1"]
[White "Mikeev, Valery"]
[Black "Kashaev, Evgeni"]
[Result "1/2-1/2"]
[WhiteElo "1864"]
[BlackElo "2215"]
[PlyCount "56"]
[EventDate "2008.02.01"]
[EventType "swiss"]
[EventRounds "9"]
[EventCountry "RUS"]
[SourceTitle "EXT 2009"]
[Source "ChessBase"]
[SourceDate "2008.11.26"]
[SourceVersion "1"]
[SourceVersionDate "2008.11.26"]
[SourceQuality "1"]

1. Nf3 Nf6 2. c4 g6 3. g3 Bg7 4. Bg2 0-0 5. 0-0 d6 6. Nc3 Nc6 7. d4 a6 8. e4 Rb8 9. Rb1 Na5 10. Qe2 b5 11. b3 Bd7 12. Rd1 bxc4 13. bxc4 Rxb1 14. Nxb1 c6 15. Bd2 d5 16. Ne5 dxc4 17. Nxd7 Nxd7 18. Bxa5 Qxa5 19. Qxc4 c5 20. Qd5 Qa4 21. dxc5 Nxc5 22. Bf3 Ne6 23. Rd3 Nd4 24. Bd1 Qb4 25. Nd2 h5 26. e5 Ne6 27. Qc4 Qb6 28. Nf3 a5 1/2-1/2